| 000 | 02596nam a2200301Ia 4500 | ||
|---|---|---|---|
| 005 | 20250223033102.0 | ||
| 008 | 231030s9999 xx 000 0 und d | ||
| 049 | _aإيداع | ||
| 082 | _a370.155 | ||
| 097 | _aM.Sc | ||
| 099 | _aCai01.23.04.M.Sc.2022.رو.إ | ||
| 100 | _aروز شوقى فايز، | ||
| 245 |
_aالإسهام النسبى للفضائل الإنسانية والقوى المعبرة عنها فى التنبؤ بالرضا عن الحياة لدى كبار السن. _bThe relative contribution of humanity virtues and strengths expressed in predicting satisfaction with life among the elderly. _cإعداد روز شوقى فايز ؛ إشراف سميرة على جعفر أبو خزالة، منال منصور الحملاوى. |
||
| 246 | _aThe relative contribution of humanity virtues and strengths expressed in predicting satisfaction with life among the elderly. | ||
| 260 | _c2022. | ||
| 502 | _aأطروحة (ماجستير)-جامعة القاهرة، 2022. | ||
| 504 | _aببليوجرافيا: ص. 94-115. | ||
| 520 | _aإهتمت الدراسة الى معرفة الإسهام النسبى للفضائل الإنسانية والقوى المعبرة عنها فى التنبؤ بالرضا عن الحياة لدى كبار السن الذين تتراوح أعمارهم من سن 60 غلى 65 عام وتكونت العينة من 204 فرد الى 100 من الذكور و 104 من الإناث وتم إستخدام مقياس القوى الإنسانية النسخة المختصرة لمارتن سليمان (2006) ومقياس الرضا عن الحياة إعداد الباحثة وأسفرت النتائج عن: وجود علاقة ارتباطية موجبة دالة احصائيا عند مسوى 0.01 بين الرضا عن الحياة وأبعاد مقياس الإنسانية والقوى المعبرة لكبار السن لأبعاد الحكمة والمعرفة - السمو - الإنسانية والحب. وجود فروق دالة إحصائيا عند مستوى 0.01 بين مرتفعى ومنخفضى الرضا عن الحياة بجميع أبعاد الفضائل الإنسانية والقوى المعبرة عنها لصالح كبار السن مرتفعى الرضا. | ||
| 650 | _aالتنبؤ-المسنون | ||
| 653 | _aكبار السن | ||
| 700 | _aمنال منصور الحملاوى | ||
| 856 | _uhttp://172.23.153.220/th.pdf | ||
| 905 | _aMohamady | ||
| 942 |
_cTH _2ddc |
||
| 999 |
_c163395 _d163395 |
||
| 336 |
_2rda content _atext |
||
| 337 |
_2rdamedia _aUnmediated |
||
| 338 |
_2rdacarrier _avolume |
||